Multiple criteria network models for project management

Cieľom príspevku je predstaviť jeden z postupov, riešiacich otázku stanovenia kompromisnej kritickej cesty v modeloch projektového riadenia vzhľadom k optimálnemu využitiu zdrojovej základne. Základná štruktúra sieťového modelu je popísaná s využitím obmedzujúcich podmienok modelu celočíselného prog...

Descrizione completa

Salvato in:
Dettagli Bibliografici
Autore principale: Šubrt, Tomáš
Natura: Capitolo di libro
Lingua:inglese
Soggetti:
Tags: Aggiungi Tag
Nessun Tag, puoi essere il primo ad aggiungerne!!

MARC

LEADER 00000naa$a2200000$$$4500
001 0007145
005 20231113140127.1
041 0 |a eng 
044 |a CZ 
245 1 0 |a Multiple criteria network models for project management  |c aut. Tomáš Šubrt 
520 |a Cieľom príspevku je predstaviť jeden z postupov, riešiacich otázku stanovenia kompromisnej kritickej cesty v modeloch projektového riadenia vzhľadom k optimálnemu využitiu zdrojovej základne. Základná štruktúra sieťového modelu je popísaná s využitím obmedzujúcich podmienok modelu celočíselného programovania a zdrojové zabezpečenie vo vzťahu k časovej náročnosti jednotlivých činností je formalizované za pomoci kriteriálnych funkcií. 
610 2 0 |a riadenie projektové 
610 2 0 |a modely 
610 2 0 |a programovanie sieťové 
610 2 0 |a programovanie viacparametrické 
100 1 |a Šubrt, Tomáš